00676cam a2200217 a 4500001001000000003000900010005001700019007000300036008004100039020001500080040002500095082002300120100004000143245007900183260004700262300002800309650003900337650002600376650003000402700002600432000003813DO-SdBNP20220222082422.0ta880801s1988 cl a er 001 f spa d z9561306998 aDO-SdBNPbspacBNPHU 4222a813.54bC776ul1 aCooper, James Fenimore,d1789- 185113aEl último mohicano /cJames Fenimore Cooper; Ilustrador, Eduardo Osorio. aSantiago de Chile :bAndrés Bello,c1988 a139 p. :bil. ;c19 cm. 4aNovela históricazEstados Unidos 4aNovela estadounidense 4aLiteratura estadounidense aOsorio, Eduardo eil.